Loading...
Of Many Heroes': An Indian Essay in Literary Historiography/
| Main Author: | |
|---|---|
| Format: | Printed Book |
| Language: | English |
| Published: |
Mumbai:
Orient Longman Ltd.,
1998.
|
| LEADER | 00516nam a2200133Ia 4500 | ||
|---|---|---|---|
| 008 | 111205s9999 xx 000 0 eng d | ||
| 020 | |a 9788125013099 | ||
| 100 | |a Devy ,G.N | ||
| 245 | |a Of Many Heroes': An Indian Essay in Literary Historiography/ |c Devy ,G.N | ||
| 260 | |b Orient Longman Ltd., |a Mumbai: |c 1998. | ||
| 300 | |a 213p. | ||
| 942 | |c BK |2 ddc | ||
| 999 | |c 217962 |d 217962 | ||
| 952 | |0 0 |1 0 |4 0 |6 E_891_400000000000000_DEV_O |7 0 |9 240877 |a MAL |b MAL |c ST1 |d 2011-12-05 |g 290.00 |l 0 |o E 891.4 DEV/O |p MAL26024 |r 2015-04-13 |v 290.00 |w 2018-08-20 |y BK | ||